|
|
|
|
| LEADER |
02822nam a22006014a 4500 |
| 001 |
34103 |
| 003 |
BD-DhAAL |
| 005 |
20211124133104.0 |
| 008 |
190101t2006 mnu b s000 0deng |
| 999 |
|
|
|c 40333
|d 40333
|
| 010 |
|
|
|a 2006005608
|
| 015 |
|
|
|a GBA633911
|2 bnb
|
| 016 |
7 |
|
|a 013431728
|2 Uk
|
| 020 |
|
|
|a 0816647690 (hc : alk. paper)
|
| 020 |
|
|
|a 9780816647699 (hc : alk. paper)
|
| 020 |
|
|
|a 0816647704 (pb : alk. paper)
|
| 020 |
|
|
|a 9780816647705 (pb : alk. paper)
|
| 035 |
|
|
|a (OCoLC)ocm64486253
|
| 035 |
|
|
|a (OCoLC)64486253
|
| 040 |
|
|
|a DLC
|c DLC
|d BAKER
|d UKM
|d C#P
|d IXA
|d YDXCP
|d COO
|d OCLCQ
|d BTCTA
|d DLC
|d BD-DhAAL
|
| 041 |
1 |
|
|a eng
|h hin
|
| 042 |
|
|
|a pcc
|
| 043 |
|
|
|a a-ii---
|
| 050 |
0 |
0 |
|a HQ1236.5.I4
|b N34 2006
|
| 082 |
0 |
0 |
|a 305.4209542
|2 22
|
| 245 |
1 |
0 |
|a Playing with fire :
|b feminist thought and activism through seven lives in India /
|c Sangtin Writers, Anupamlata ... [et al.] ; foreword by Chandra Talpade Mohanty.
|
| 260 |
|
|
|a Minneapolis, MN :
|b University of Minnesota Press,
|c c2006.
|
| 300 |
|
|
|a xlvii, 181 pages ;
|c 23 cm.
|
| 500 |
|
|
|a Translated from the Hindi.
|
| 504 |
|
|
|a Includes bibliographical references (pages 177-181).
|
| 505 |
0 |
|
|a The beginnings of a collective journey -- A very short childhood -- From the streets of Babul to the wetness of Aanchal -- Prisons within prisons : battles stretching from the courtyard to the mind -- Cracking cages, new skies -- Challenges of NGOization and dreams of Sangtin.
|
| 526 |
|
|
|a ENH
|
| 541 |
|
|
|a Trim Education
|e 34103, 34104, 34105
|
| 546 |
|
|
|a Translated from the Hindi.
|
| 610 |
2 |
0 |
|a Saṅgatina (Organization)
|9 29239
|
| 650 |
|
0 |
|a Women's rights
|z India
|z Uttar Pradesh.
|9 29240
|
| 650 |
|
0 |
|a Marginality, Social
|z India
|z Uttar Pradesh.
|9 29241
|
| 650 |
|
0 |
|a English language.
|9 43104
|
| 700 |
|
|
|a Ramsheela
|9 29296
|
| 700 |
|
|
|a Ansari, Reshma
|9 29297
|
| 700 |
|
|
|a Singh, Richa
|9 29298
|
| 700 |
|
|
|a Vaish, Shashi
|9 29299
|
| 700 |
|
|
|a Shashibala
|9 29300
|
| 700 |
|
|
|a Surbala
|9 29301
|
| 700 |
|
|
|a Bajpayee, Vibha
|9 29302
|
| 700 |
|
|
|a Nagar, Richa
|9 29303
|
| 700 |
|
|
|a Mohanty, Chandra Talpade
|9 29304
|
| 710 |
2 |
|
|a Saṅgatina (Organization)
|9 29239
|
| 852 |
|
|
|a Ayesha Abed Library
|c General Stacks
|
| 942 |
|
|
|2 ddc
|c BK
|
| 952 |
|
|
|0 0
|1 0
|2 ddc
|4 0
|6 305_420954200000000_PLA
|7 0
|9 64841
|a BRACUL
|b BRACUL
|c GEN
|d 2018-12-24
|e Trim Education
|g 1798.00
|l 0
|o 305.4209542 PLA
|p 3010034104
|r 2018-12-24
|t 2
|v 1798.00
|w 2018-12-24
|y BK
|
| 952 |
|
|
|0 0
|1 0
|2 ddc
|4 0
|6 305_420954200000000_PLA
|7 0
|9 64842
|a BRACUL
|b BRACUL
|c GEN
|d 2018-12-24
|e Trim Education
|g 1798.00
|l 0
|o 305.4209542 PLA
|p 3010034105
|r 2018-12-24
|t 3
|v 1798.00
|w 2018-12-24
|y BK
|
| 952 |
|
|
|0 0
|1 0
|2 ddc
|4 0
|6 305_420954200000000_PLA
|7 0
|9 64843
|a BRACUL
|b BRACUL
|c GEN
|d 2018-12-24
|e Trim Education
|g 1798.00
|l 0
|o 305.4209542 PLA
|p 3010034103
|r 2018-12-24
|t 1
|v 1798.00
|w 2018-12-24
|y BK
|